|
|
|
|
| LEADER |
00686cam a2200193 7i4500 |
| 001 |
0000049562 |
| 005 |
20200116090000.0 |
| 020 |
|
|
|a 9789675062865 (pbk.)
|
| 090 |
0 |
0 |
|a BP80
|b .V34 2011
|
| 100 |
1 |
|
|a Vahide, Sukran
|
| 245 |
1 |
0 |
|a Bediuzzaman Said Nursi :
|b author of the Risale-i Nur
|c Sukran Vahide.
|
| 260 |
|
|
|a Kuala Lumpur:
|b Islamic Book Trust,
|c 2011.
|
| 300 |
|
|
|a xiii, 515 p.;
|c 23 cm.
|
| 500 |
|
|
|a Gift: Zainol Ahmad Resource Center
|
| 504 |
|
|
|a Includes bibliography and index
|
| 600 |
1 |
0 |
|a Nursi, Said,
|d 1873-1960
|t Risale-i nur
|
| 650 |
0 |
0 |
|a Islam --
|x History --
|z Turkey
|
| 650 |
0 |
0 |
|a Scholars, Muslim --
|z Turkey
|
| 999 |
|
|
|a 0000068688
|b BOK
|c OPEN SHELF
|e 1st Floor, Bestari Jaya
|